000 00504pab a2200181 454500
008 180718b2012 xxu||||| |||| 00| 0 eng d
100 _aKaur, Veerpal
245 _aLevels and pattern of income of farmers in rural Haryana: District-wise analysis
260 _c2012
300 _ap.17-30.
650 _aIncome - India - Haryana
650 _aFarmers - India - Haryana
650 _aFarmers
700 _aSingh, Gian
773 _aResearch Journal Social Sciences
908 _aN
909 _a99657
999 _c99656
_d99656